L'Erythrée pour les touristes... - Facile - Statistiques

Statistiques générales
  • Ce quiz a été pris 5 fois
  • Le résultat moyen est 8 sur 20
Statistiques - réponses
Question Indice Réponses Indice facile % Correct
Quelles sont les langues officielles ? Arabe A
80%
Achats à faire 2/ Boisson chaude Café FACE
80%
Ce pays est plus grand que la France (oui/non) Non
80%
Le principal aéroport est A Asmara
60%
Quelles sont les principaux lieux touristiques ? A Asmara AMARAS
60%
Achats à faire 1/ Pour la cuisine Epices PIECES
60%
Quelles sont les principaux lieux touristiques ? O Rivages de la mer {Rouge} GOURE
60%
Dans la capitale quel est le décalage horaire avec Paris ? (+ ou - et chiffre) ex - 10 + 1
40%
Quelles sont les langues officielles ? Anglais
40%
Quel pays a accordé son indépendance à celui-ci ? Ethiopie
40%
Quel est le régime du pays ? République
40%
Quelles sont les principaux lieux touristiques ? F Station {Fiat} Tagliero FAIT
40%
Code sur les plaques minéralogiques ER
20%
Le suffixe internet est er
20%
La religion majoritaire est Islam I
20%
Quelles sont les principaux lieux touristiques ? M Massawa WMSASAA
20%
Quelle est la monnaie ? Nakfa N
20%
Quels est le climat local ? T D Tropical désertique
20%
Achats à faire 3/ Produits en matériaux recyclés ELYSRCCE
0%
Quelles sont les langues officielles ? Tigrigna T
0%
Aucun quiz correspondant
Distribution des résultats
% des personnes avec chaque résultat
Percentile par nombre de réponses
Votre historique - résultats
Vous n’avez pas pris ce quiz